书目信息 |
| 题名: |
无泥型软弱层带物理力学特性
|
|
| 作者: | 胡卸文 著 | |
| 分册: | ||
| 出版信息: | 成都 西南交通大学出版社 2002.12 |
|
| 页数: | 94页 | |
| 开本: | 26cm | |
| 丛书名: | ||
| 单 册: | ||
| 中图分类: | P584 | |
| 科图分类: | ||
| 主题词: | 软弱岩石--ruan ruo yan shi--岩石力学性质--研究 | |
| 电子资源: | ||
| ISBN: | 7-81057-663-1 | |
| 000 | 01032nam0 2200253 450 | |
| 001 | 012007361682 | |
| 005 | 20071229140028.79 | |
| 010 | @a7-81057-663-1@dCNY15.00 | |
| 100 | @a20071229d2002 km y0chiy0120 ea | |
| 101 | 0 | @achi |
| 102 | @aCN@b510000 | |
| 105 | @ay a 000yy | |
| 106 | @ar | |
| 200 | 1 | @a无泥型软弱层带物理力学特性@Awu ni xing ruan ruo ceng dai wu li li xue te xing@f胡卸文著@Fhu xie wen zhu |
| 210 | @a成都@c西南交通大学出版社@d2002.12 | |
| 215 | @a94页@d26cm | |
| 300 | @a西南交通大学出版基金、西南交通大学科学研究基金、国土资源部岩土工程开放实验室基金资助 | |
| 320 | @a有书目 (第94页)。 | |
| 330 | @a本书介绍了无泥型软弱层带的基本概念、研究内容和方法;阐述了此类软弱层带的成因条件和分类,物理性质与其所受围压状态的关系;讨论了无泥型软弱层带力学性质与其相应控制因素间的相互关系,动荷载作用对力学参数的变化效应等。 | |
| 606 | 0 | @a软弱岩石@Aruan ruo yan shi@x岩石力学性质@x研究 |
| 690 | @aP584@v4 | |
| 701 | 0 | @a胡卸文@Ahu xie wen@4著 |
| 801 | 0 | @aCN@bQSSK@c20071229 |
| 905 | @b274925-27@dP584@eH517@f3 | |
| 无泥型软弱层带物理力学特性/胡卸文著.-成都:西南交通大学出版社,2002.12 |
| 94页;26cm |
| 西南交通大学出版基金、西南交通大学科学研究基金、国土资源部岩土工程开放实验室基金资助 |
| ISBN 7-81057-663-1:CNY15.00 |
| 本书介绍了无泥型软弱层带的基本概念、研究内容和方法;阐述了此类软弱层带的成因条件和分类,物理性质与其所受围压状态的关系;讨论了无泥型软弱层带力学性质与其相应控制因素间的相互关系,动荷载作用对力学参数的变化效应等。 |
| ● |
| 相关链接 |
|
|
|
正题名:无泥型软弱层带物理力学特性
索取号:P584/H517
 
预约/预借
| 序号 | 登录号 | 条形码 | 馆藏地/架位号 | 状态 | 备注 |
| 1 | 274925 | 202749259 | 期刊室512/401自科库 124排2列2层/ [索取号:P584/H517] | 在馆 | |
| 2 | 274926 | 202749268 | 自科库401/401自科库 129排2列6层/ [索取号:P584/H517] | 在馆 | |
| 3 | 274927 | 202749277 | 期刊室512/401自科库 124排2列2层/ [索取号:P584/H517] | 在馆 |